[Event "DVM U20 2015"]
[Site "Osnabrück GER"]
[Date "2015.12.30"]
[Round "7"]
[White "Noe, Christopher"]
[Black "Kramer, Julian"]
[Result "1-0"]
[Termination "normal"]
[Board "1.1"]
[WhiteTitle "FM"]
[BlackTitle "FM"]
[WhiteElo "2414"]
[BlackElo "2364"]
[WhiteClock "00:23:00"]
[BlackClock "00:16:52"]
[WhiteTeam "SC Eppingen"]
[BlackTeam "Hamburger SK von 1830"]
[PlyCount "57"]
[WhiteFideId "24692018"]
[BlackFideId "12921742"]
[EventCountry "GER"]
[EventRounds "7"]
[EventType "team-swiss"]
[EventDate "2015.12.26"]

1. d4 Nf6 2. c4 g6 3. f3 d5 4. cxd5 Nxd5 5. e4 Nb6 6. Nc3 Bg7 7. Be3 O-O 8. Qd2
Nc6 9. O-O-O f5 10. e5 Nb4 11. h4 Qe8 12. a3 N4d5 13. Nh3 Nxc3 14. Qxc3 Nd5 15.
Bc4 Be6 16. Bxd5 Bxd5 17. h5 Qc6 18. Qxc6 bxc6 19. h6 Bh8 20. Bg5 Kf7 21. Rd3
Rfb8 22. Nf4 Rb5 23. Rc3 Rab8 24. Nd3 c5 25. Rxc5 Rxc5+ 26. Nxc5 Rb5 27. Re1 a5
28. Kc2 a4 29. Re3 1-0

[Event "DVM U20 2015"]
[Site "Osnabrück GER"]
[Date "2015.12.30"]
[Round "7"]
[White "Uksini, Bardhyl"]
[Black "Bay, Nicolai"]
[Result "1-0"]
[Termination "normal"]
[Board "1.2"]
[WhiteElo "2311"]
[BlackElo "2000"]
[WhiteClock "00:44:35"]
[BlackClock "00:09:00"]
[WhiteTeam "Hamburger SK von 1830"]
[BlackTeam "SC Eppingen"]
[PlyCount "61"]
[WhiteFideId "1628313"]
[BlackFideId "12927619"]
[EventCountry "GER"]
[EventRounds "7"]
[EventType "team-swiss"]
[EventDate "2015.12.26"]

1. d4 Nf6 2. c4 g6 3. Nc3 Bg7 4. e4 d6 5. f4 O-O 6. Nf3 Na6 7. Bd3 Bg4 8. O-O
e5 9. fxe5 dxe5 10. d5 Nc5 11. Bc2 Ne8 12. Be3 b6 13. b4 Nb7 14. h3 Bxf3 15.
Rxf3 Qe7 16. a3 a5 17. Rb1 Ned6 18. Bb3 axb4 19. axb4 Kh8 20. c5 Nc8 21. d6
cxd6 22. Nd5 Qd7 23. cxb6 Nd8 24. Rc1 Rb8 25. Rc7 Qb5 26. Bc4 Qe8 27. Qf1 Ne6
28. Bb5 Qd8 29. Rcxf7 Rxf7 30. Rxf7 Nd4 31. Bg5 1-0

[Event "DVM U20 2015"]
[Site "Osnabrück GER"]
[Date "2015.12.30"]
[Round "7"]
[White "Mütsch, Annmarie"]
[Black "Hinrichs, Lars"]
[Result "0-1"]
[Termination "normal"]
[Board "1.3"]
[WhiteElo "1880"]
[BlackElo "2251"]
[WhiteClock "00:01:45"]
[BlackClock "00:07:14"]
[WhiteTeam "SC Eppingen"]
[BlackTeam "Hamburger SK von 1830"]
[PlyCount "68"]
[WhiteFideId "12971367"]
[BlackFideId "12921769"]
[EventCountry "GER"]
[EventRounds "7"]
[EventType "team-swiss"]
[EventDate "2015.12.26"]

1. e4 c5 2. Nf3 Nf6 3. Nc3 d5 4. exd5 Nxd5 5. Bb5+ Bd7 6. Bxd7+ Qxd7 7. O-O Nc6
8. Ne4 e5 9. Re1 Be7 10. Ng3 f6 11. Nh4 g6 12. d3 O-O-O 13. a3 Nb6 14. Bh6 Rhg8
15. a4 a5 16. Qc1 Qg4 17. h3 Qd7 18. Rd1 f5 19. Nf3 f4 20. Ne4 g5 21. Bxg5 Bxg5
22. Nfxg5 h6 23. Nf6 Qg7 24. Nxg8 Rxg8 25. Kh1 Qxg5 26. Rg1 Qh4 27. Qd1 Qxf2
28. Qh5 Qg3 29. c3 Nd5 30. Qf3 Ne3 31. Rae1 Qh4 32. Re2 Rg3 33. Qe4 Qh5 34. Rf2
Nxg2 0-1

[Event "DVM U20 2015"]
[Site "Osnabrück GER"]
[Date "2015.12.30"]
[Round "7"]
[White "Grötzbach, Julian"]
[Black "Hahn, Cedric"]
[Result "1/2-1/2"]
[Termination "normal"]
[Board "1.4"]
[WhiteElo "2225"]
[BlackElo "1951"]
[WhiteClock "00:27:02"]
[BlackClock "00:23:02"]
[WhiteTeam "Hamburger SK von 1830"]
[BlackTeam "SC Eppingen"]
[PlyCount "91"]
[WhiteFideId "24600938"]
[BlackFideId "12910538"]
[EventCountry "GER"]
[EventRounds "7"]
[EventType "team-swiss"]
[EventDate "2015.12.26"]

1. Nf3 Nf6 2. c4 g6 3. Nc3 Bg7 4. g3 b6 5. Bg2 Bb7 6. O-O O-O 7. Re1 d5 8. cxd5
Nxd5 9. e4 Nxc3 10. bxc3 c5 11. d4 e6 12. h4 Nc6 13. e5 cxd4 14. cxd4 Rc8 15.
Bg5 Qd5 16. Qd2 Rc7 17. Rad1 Rfc8 18. Nh2 Qa5 19. Qf4 Nb4 20. Bxb7 Rxb7 21. Ng4
Nd5 22. Qf3 Rbc7 23. h5 Rc3 24. Qh1 Qxa2 25. hxg6 hxg6 26. Bf6 Qa3 27. Kg2 Bxf6
28. exf6 Rf3 29. Nh6+ Kf8 30. Nf5 Ke8 31. Nd6+ Kd7 32. Nxc8 Rxf6 33. Kg1 Kxc8
34. Qe4 Qd6 35. Rc1+ Kb7 36. Qc2 Qd7 37. Ra1 Rf3 38. Qe2 Rc3 39. Qa6+ Kb8 40.
Rec1 Rxc1+ 41. Rxc1 Nb4 42. Qc4 a5 43. Rc3 Kb7 44. Rf3 Nd5 45. Kf1 f6 46. Qd3
1/2-1/2

[Event "DVM U20 2015"]
[Site "Osnabrück GER"]
[Date "2015.12.30"]
[Round "7"]
[White "Hermann, Tobias"]
[Black "Grötzbach, Daniel"]
[Result "1/2-1/2"]
[Termination "normal"]
[Board "1.5"]
[WhiteElo "1959"]
[BlackElo "2050"]
[WhiteClock "00:01:49"]
[BlackClock "00:01:01"]
[WhiteTeam "SC Eppingen"]
[BlackTeam "Hamburger SK von 1830"]
[PlyCount "55"]
[WhiteFideId "12903701"]
[BlackFideId "24692166"]
[EventCountry "GER"]
[EventRounds "7"]
[EventType "team-swiss"]
[EventDate "2015.12.26"]

1. e4 c5 2. c3 d5 3. exd5 Nf6 4. g3 Nxd5 5. Bg2 Nc6 6. Nf3 g6 7. d4 Qd6 8. O-O
Bg7 9. Na3 cxd4 10. Nb5 Qd7 11. Nfxd4 Nxd4 12. Nxd4 O-O 13. Qb3 Rd8 14. Rd1 Nb6
15. Be3 Qa4 16. Nb5 Bg4 17. Rxd8+ Rxd8 18. Bxb6 Qxb3 19. axb3 axb6 20. h3 Rd1+
21. Rxd1 Bxd1 22. Bxb7 Bxb3 23. Nc7 Bc4 24. Bd5 Bd3 25. Na8 b5 26. Nc7 Be5 27.
Na6 Bd6 28. Nb4 1/2-1/2

[Event "DVM U20 2015"]
[Site "Osnabrück GER"]
[Date "2015.12.30"]
[Round "7"]
[White "Elbracht, Michael"]
[Black "Pacius, Max"]
[Result "1-0"]
[Termination "normal"]
[Board "1.6"]
[WhiteElo "2079"]
[BlackElo "1190"]
[WhiteClock "00:28:12"]
[BlackClock "00:05:38"]
[WhiteTeam "Hamburger SK von 1830"]
[BlackTeam "SC Eppingen"]
[PlyCount "81"]
[WhiteFideId "12945595"]
[BlackFideId "16217446"]
[EventCountry "GER"]
[EventRounds "7"]
[EventType "team-swiss"]
[EventDate "2015.12.26"]

1. e4 e5 2. Nf3 Nc6 3. d4 exd4 4. Nxd4 Nf6 5. Nxc6 bxc6 6. Bd3 d5 7. Qe2 Be7 8.
O-O Be6 9. Nc3 dxe4 10. Nxe4 O-O 11. Rd1 Qc8 12. Bg5 Nd5 13. Bxe7 Nxe7 14. Ng5
Nf5 15. Nxe6 Qxe6 16. Qxe6 fxe6 17. Bc4 Rf6 18. Rd7 Nd6 19. Bb3 Rc8 20. Re1 Kf8
21. f3 Nb5 22. Rxe6 Rxe6 23. Bxe6 Re8 24. Bb3 Re7 25. Rd8+ Re8 26. Rxe8+ Kxe8
27. Ba4 Ke7 28. Bxb5 cxb5 29. Kf2 Ke6 30. Ke3 c5 31. Ke4 a5 32. b3 g6 33. c4 b4
34. g4 Kd6 35. f4 Ke6 36. f5+ Kf6 37. Kd5 h5 38. fxg6 hxg4 39. Kxc5 Kxg6 40.
Kb6 Kh5 41. c5 1-0

[Event "DVM U20 2015"]
[Site "Osnabrück GER"]
[Date "2015.12.30"]
[Round "7"]
[White "Pauly, Carlo"]
[Black "Bergauz, Noam"]
[Result "0-1"]
[Termination "normal"]
[Board "2.1"]
[WhiteElo "2266"]
[BlackElo "2286"]
[WhiteClock "00:42:25"]
[BlackClock "00:26:49"]
[WhiteTeam "SG Porz"]
[BlackTeam "SK München Südost"]
[PlyCount "50"]
[WhiteFideId "24673269"]
[BlackFideId "12938033"]
[EventCountry "GER"]
[EventRounds "7"]
[EventType "team-swiss"]
[EventDate "2015.12.26"]

1. d4 Nf6 2. c4 g6 3. Nc3 Bg7 4. e4 d6 5. Nf3 O-O 6. h3 Qe8 7. Be3 Na6 8. Be2
e5 9. d5 Nh5 10. g3 f5 11. exf5 gxf5 12. Nh4 Nf6 13. Qc2 c6 14. f4 Bd7 15. fxe5
dxe5 16. d6 f4 17. Bd2 f3 18. Bxf3 e4 19. Bg2 e3 20. Bc1 Qe5 21. O-O Qxg3 22.
Nf5 Bxf5 23. Qxf5 Ng4 24. hxg4 Rxf5 25. gxf5 Bxc3 0-1

[Event "DVM U20 2015"]
[Site "Osnabrück GER"]
[Date "2015.12.30"]
[Round "7"]
[White "Müller, Constantin"]
[Black "Xu, Xianliang"]
[Result "1/2-1/2"]
[Termination "normal"]
[Board "2.2"]
[BlackTitle "FM"]
[WhiteElo "2222"]
[BlackElo "2286"]
[WhiteClock "00:35:08"]
[BlackClock "00:15:25"]
[WhiteTeam "SK München Südost"]
[BlackTeam "SG Porz"]
[PlyCount "57"]
[WhiteFideId "24697630"]
[BlackFideId "4603230"]
[EventCountry "GER"]
[EventRounds "7"]
[EventType "team-swiss"]
[EventDate "2015.12.26"]

1. d4 Nf6 2. c4 Nc6 3. Nf3 e6 4. g3 Bb4+ 5. Bd2 Qe7 6. Bg2 O-O 7. O-O Bxd2 8.
Qxd2 d6 9. Nc3 e5 10. h3 Re8 11. e4 exd4 12. Nxd4 Bd7 13. b3 Qe5 14. Nxc6 Bxc6
15. Rfe1 a5 16. Nd5 Bxd5 17. cxd5 Nd7 18. Kh2 Qf6 19. Rac1 Nc5 20. Rc3 Qe7 21.
Rce3 f6 22. Bf1 Qd7 23. Qd4 Re7 24. a3 Kh8 25. f4 Rae8 26. Kg2 Kg8 27. Kh2 Kh8
28. Bg2 Qb5 29. Bf1 1/2-1/2

[Event "DVM U20 2015"]
[Site "Osnabrück GER"]
[Date "2015.12.30"]
[Round "7"]
[White "Sabirov, Ramil"]
[Black "Leeb, Simon"]
[Result "1-0"]
[Termination "normal"]
[Board "2.3"]
[WhiteElo "1977"]
[BlackElo "2077"]
[WhiteClock "00:53:03"]
[BlackClock "00:44:34"]
[WhiteTeam "SG Porz"]
[BlackTeam "SK München Südost"]
[PlyCount "57"]
[WhiteFideId "12900303"]
[BlackFideId "12924768"]
[EventCountry "GER"]
[EventRounds "7"]
[EventType "team-swiss"]
[EventDate "2015.12.26"]

1. Nf3 g6 2. c4 Bg7 3. Nc3 d6 4. d4 Nf6 5. g3 O-O 6. Bg2 Nbd7 7. O-O c6 8. Qc2
Qc7 9. b3 e5 10. e3 h6 11. Bb2 Ne8 12. dxe5 Nxe5 13. Nxe5 dxe5 14. Ba3 Nd6 15.
Ne4 Bf5 16. Bxd6 Bxe4 17. Qd1 Qa5 18. Bxe4 Rfd8 19. c5 f5 20. Bd3 Kh8 21. Bc4
b6 22. Qe1 Qa3 23. Qc3 Rxd6 24. cxd6 e4 25. Qc1 Bb2 26. Qd1 Rd8 27. Rb1 Rxd6
28. Qc2 Be5 29. Rfd1 1-0

[Event "DVM U20 2015"]
[Site "Osnabrück GER"]
[Date "2015.12.30"]
[Round "7"]
[White "Stadler, Andreas"]
[Black "Eigemann, Frederik"]
[Result "1/2-1/2"]
[Termination "normal"]
[Board "2.4"]
[WhiteElo "1974"]
[BlackElo "2011"]
[WhiteTeam "SK München Südost"]
[BlackTeam "SG Porz"]
[PlyCount "68"]
[WhiteFideId "24697648"]
[BlackFideId "24692034"]
[EventCountry "GER"]
[EventRounds "7"]
[EventType "team-swiss"]
[EventDate "2015.12.26"]

1. c4 c5 2. Nc3 Nc6 3. g3 g6 4. Bg2 Bg7 5. d3 e6 6. e4 Nge7 7. Nge2 a6 8. O-O
Rb8 9. a4 b6 10. Be3 Nd4 11. f4 d6 12. h3 Bd7 13. Bf2 Nec6 14. Nxd4 cxd4 15.
Ne2 b5 16. axb5 axb5 17. b3 O-O 18. Qd2 Qb6 19. Ra2 Ra8 20. Rfa1 Rxa2 21. Rxa2
bxc4 22. bxc4 Qb1+ 23. Nc1 Rb8 24. Bf1 e5 25. Kg2 Bh6 26. Be2 Nd8 27. Bg1 Ne6
28. Bh2 Bc6 29. Bf3 f5 30. exf5 Bxf3+ 31. Kxf3 Qb7+ 32. Kf2 exf4 33. gxf4 Qh1
34. Bg3 gxf5 1/2-1/2

[Event "DVM U20 2015"]
[Site "Osnabrück GER"]
[Date "2015.12.30"]
[Round "7"]
[White "Baltic, Fatih"]
[Black "Leeb, Jonas"]
[Result "1-0"]
[Termination "normal"]
[Board "2.5"]
[WhiteElo "1945"]
[BlackElo "1905"]
[WhiteClock "00:03:39"]
[BlackClock "00:02:37"]
[WhiteTeam "SG Porz"]
[BlackTeam "SK München Südost"]
[PlyCount "137"]
[WhiteFideId "12979090"]
[BlackFideId "12924750"]
[EventCountry "GER"]
[EventRounds "7"]
[EventType "team-swiss"]
[EventDate "2015.12.26"]

1. e4 e6 2. d4 d5 3. Nc3 dxe4 4. Nxe4 Nf6 5. Nxf6+ gxf6 6. Nf3 b6 7. Bb5+ c6 8.
Bd3 h6 9. Qe2 Bb7 10. Bd2 Qc7 11. O-O-O Nd7 12. Bc3 O-O-O 13. Kb1 Bg7 14. Nd2
f5 15. Nf3 Bf6 16. Bd2 Rdg8 17. g3 Bg5 18. Rhe1 Bxd2 19. Nxd2 Nf6 20. c4 Rd8
21. d5 cxd5 22. cxd5 Qd6 23. Nc4 Qxd5 24. Ne5 Rhf8 25. Bxf5 Qa5 26. Bd3 Kb8 27.
Nc4 Qc5 28. Qe5+ Qxe5 29. Nxe5 Rd4 30. Bc2 Rxd1+ 31. Rxd1 Kc7 32. Rd4 Nd5 33.
Rh4 Rh8 34. Nxf7 Rf8 35. Bg6 Ne7 36. Bh5 Bd5 37. Rf4 Nc6 38. Bd1 Ne7 39. Nxh6
Rh8 40. Ng4 e5 41. Ra4 Nc6 42. Ra3 Rd8 43. Kc1 a5 44. Rc3 Kd6 45. a3 Nd4 46.
Kd2 Rf8 47. h4 b5 48. Re3 e4 49. Re1 b4 50. a4 Bc6 51. h5 Ke6 52. h6 Kf5 53.
Rh1 e3+ 54. Nxe3+ Kg6 55. Rh4 Rd8 56. Ke1 Kh7 57. g4 Bxa4 58. Rh5 Be8 59. Rxa5
Kxh6 60. Ra6+ Kg5 61. Ng2 Bc6 62. f4+ Kf6 63. Ba4 Rc8 64. Bxc6 Nxc6 65. Ne3 Kf7
66. Rb6 Re8 67. Kf2 Rc8 68. Kg3 Re8 69. Nc4 1-0

[Event "DVM U20 2015"]
[Site "Osnabrück GER"]
[Date "2015.12.30"]
[Round "7"]
[White "Komarov, Jan"]
[Black "Spindler, Florian"]
[Result "1-0"]
[Termination "normal"]
[Board "2.6"]
[WhiteElo "1841"]
[BlackElo "1794"]
[WhiteClock "00:12:49"]
[BlackClock "00:39:02"]
[WhiteTeam "SK München Südost"]
[BlackTeam "SG Porz"]
[PlyCount "71"]
[WhiteFideId "12959430"]
[BlackFideId "12964387"]
[EventCountry "GER"]
[EventRounds "7"]
[EventType "team-swiss"]
[EventDate "2015.12.26"]

1. e4 c5 2. Nf3 e6 3. d4 cxd4 4. Nxd4 Nf6 5. Nc3 Nc6 6. Ndb5 Bb4 7. a3 Bxc3+ 8.
Nxc3 d5 9. exd5 exd5 10. Bg5 d4 11. Bxf6 Qxf6 12. Nd5 Qd6 13. c4 Be6 14. Qb3
O-O 15. Be2 Rfe8 16. Kf1 b5 17. Qg3 Qxg3 18. hxg3 bxc4 19. Nc7 Rac8 20. Nxe8
Rxe8 21. Rc1 d3 22. Bxd3 cxd3 23. Rxc6 Bb3 24. Rd6 g6 25. Rh4 Bd1 26. Rhd4 Be2+
27. Kg1 Re6 28. Rxe6 fxe6 29. f4 Kf7 30. Kf2 Kf6 31. Rd7 Kf5 32. Rxa7 Ke4 33.
Re7 Bg4 34. Rd7 e5 35. Rd8 exf4 36. gxf4 1-0

[Event "DVM U20 2015"]
[Site "Osnabrück GER"]
[Date "2015.12.30"]
[Round "7"]
[White "Friedrich, Wiede"]
[Black "Beeck, Mats"]
[Result "1-0"]
[Termination "normal"]
[Board "3.1"]
[WhiteElo "2222"]
[BlackElo "2125"]
[WhiteClock "00:12:34"]
[BlackClock "00:18:56"]
[WhiteTeam "USV Potsdam"]
[BlackTeam "SK Doppelbauer Kiel"]
[PlyCount "61"]
[WhiteFideId "24629537"]
[BlackFideId "12936944"]
[EventCountry "GER"]
[EventRounds "7"]
[EventType "team-swiss"]
[EventDate "2015.12.26"]

1. e4 c5 2. Nf3 d6 3. d4 cxd4 4. Qxd4 a6 5. c4 Nc6 6. Qd3 g6 7. Nc3 Bg7 8. Be2
Nf6 9. O-O O-O 10. Rd1 Bg4 11. h3 Bxf3 12. Qxf3 Rc8 13. e5 Nxe5 14. Qxb7 a5 15.
Nd5 Nxd5 16. Qxd5 a4 17. Rb1 Rc5 18. Qxc5 dxc5 19. Rxd8 Rxd8 20. Be3 e6 21.
Bxc5 Rc8 22. Ba3 Nxc4 23. Rc1 Nb6 24. Rxc8+ Nxc8 25. Bb5 Nb6 26. Bc5 Nd5 27.
Bxa4 Bxb2 28. Bb3 Nc7 29. Bb6 Nb5 30. a4 Bd4 31. a5 1-0

[Event "DVM U20 2015"]
[Site "Osnabrück GER"]
[Date "2015.12.30"]
[Round "7"]
[White "Pluska, Alexander"]
[Black "Eichstaedt, Mirko"]
[Result "1/2-1/2"]
[Termination "normal"]
[Board "3.2"]
[WhiteElo "2089"]
[BlackElo "2197"]
[WhiteClock "00:23:39"]
[BlackClock "00:51:13"]
[WhiteTeam "SK Doppelbauer Kiel"]
[BlackTeam "USV Potsdam"]
[PlyCount "71"]
[WhiteFideId "12975141"]
[BlackFideId "24692310"]
[EventCountry "GER"]
[EventRounds "7"]
[EventType "team-swiss"]
[EventDate "2015.12.26"]

1. Nf3 Nf6 2. d4 d5 3. g3 g6 4. Bg2 Bg7 5. O-O O-O 6. c4 c6 7. Nc3 Bf5 8. cxd5
cxd5 9. Qb3 Qb6 10. Nxd5 Nxd5 11. Qxd5 Rd8 12. Qb3 Qxb3 13. axb3 Nc6 14. e3 Be4
15. Bd2 e5 16. Bc3 exd4 17. Nxd4 Bxg2 18. Kxg2 Nxd4 19. exd4 Bxd4 20. Rfd1 Bb6
21. Rxd8+ Rxd8 22. Re1 Bc5 23. Bf6 Rc8 24. Rd1 h6 25. Rd7 g5 26. Rxb7 g4 27.
Rd7 Rb8 28. Rd5 Bf8 29. Ra5 Rxb3 30. Rxa7 Bg7 31. Bc3 Bxc3 32. bxc3 Rxc3 33.
Ra4 f5 34. Ra5 Rf3 35. Ra7 h5 36. h3 1/2-1/2

[Event "DVM U20 2015"]
[Site "Osnabrück GER"]
[Date "2015.12.30"]
[Round "7"]
[White "Cech, Tim"]
[Black "Hopson, Kevin Mike"]
[Result "1-0"]
[Termination "normal"]
[Board "3.3"]
[WhiteElo "1879"]
[BlackElo "1911"]
[WhiteClock "00:22:40"]
[BlackClock "00:20:06"]
[WhiteTeam "USV Potsdam"]
[BlackTeam "SK Doppelbauer Kiel"]
[PlyCount "36"]
[WhiteFideId "1270258"]
[BlackFideId "12909238"]
[EventCountry "GER"]
[EventRounds "7"]
[EventType "team-swiss"]
[EventDate "2015.12.26"]

1. c4 c5 2. Nc3 Nc6 3. g3 g6 4. Bg2 Bg7 5. e3 d6 6. Nge2 Be6 7. d3 Nf6 8. O-O
O-O 9. a3 Qc8 10. Nf4 Bd7 11. Rb1 a5 12. Bd2 Rb8 13. Nb5 Bf5 14. Qc2 Ne8 15.
Bc3 Nc7 16. Bxg7 Kxg7 17. Qc3+ Kg8 18. Nd5 Be6 1-0

[Event "DVM U20 2015"]
[Site "Osnabrück GER"]
[Date "2015.12.30"]
[Round "7"]
[White "Wanner, Lukas"]
[Black "Werthmann, Nils"]
[Result "1/2-1/2"]
[Termination "normal"]
[Board "3.4"]
[WhiteElo "2110"]
[BlackElo "1943"]
[WhiteClock "00:04:46"]
[BlackClock "00:02:28"]
[WhiteTeam "SK Doppelbauer Kiel"]
[BlackTeam "USV Potsdam"]
[PlyCount "74"]
[WhiteFideId "12918148"]
[BlackFideId "1270257"]
[EventCountry "GER"]
[EventRounds "7"]
[EventType "team-swiss"]
[EventDate "2015.12.26"]

1. d4 c5 2. e3 g6 3. Nf3 Bg7 4. Nbd2 b6 5. Bd3 Bb7 6. b3 Nf6 7. Bb2 d6 8. O-O
O-O 9. c4 Nbd7 10. d5 e5 11. Ne1 Ne8 12. e4 Bh6 13. g3 f5 14. exf5 gxf5 15. f4
e4 16. Be2 Ndf6 17. Ng2 Bc8 18. Ne3 Bg7 19. Rb1 Qe7 20. h3 Qf7 21. g4 fxg4 22.
hxg4 Qg6 23. Rf2 Nh5 24. f5 Qg5 25. Ndf1 Nf4 26. Kh1 h5 27. Qc2 hxg4 28. Qxe4
Nxe2 29. Rxe2 Bxf5 30. Nxf5 Qxf5 31. Qxf5 Rxf5 32. Ne3 Rg5 33. Rg2 Bxb2 34.
Rbxb2 Nf6 35. Rbf2 Rf8 36. Rf5 Rg6 37. Rf4 Rf7 1/2-1/2

[Event "DVM U20 2015"]
[Site "Osnabrück GER"]
[Date "2015.12.30"]
[Round "7"]
[White "Ender, Paul Marius"]
[Black "Mieck, Jale"]
[Result "0-1"]
[Termination "normal"]
[Board "3.5"]
[WhiteElo "1816"]
[BlackElo "1935"]
[WhiteClock "00:03:21"]
[BlackClock "00:56:05"]
[WhiteTeam "USV Potsdam"]
[BlackTeam "SK Doppelbauer Kiel"]
[PlyCount "66"]
[WhiteFideId "12936545"]
[BlackFideId "12936871"]
[EventCountry "GER"]
[EventRounds "7"]
[EventType "team-swiss"]
[EventDate "2015.12.26"]

1. e4 c5 2. Nc3 a6 3. f4 b5 4. a3 Bb7 5. d3 e6 6. Nf3 d5 7. exd5 exd5 8. Qe2+
Be7 9. g3 Nf6 10. Bg2 O-O 11. O-O Re8 12. Re1 Nc6 13. Kh1 Qc7 14. Bd2 Nd4 15.
Qd1 Rac8 16. Na2 Nc6 17. c3 d4 18. Qc2 Qd7 19. c4 Bd6 20. b3 Ne7 21. Nc1 Nf5
22. Ne2 Ne3 23. Bxe3 Rxe3 24. Neg1 Ng4 25. h3 Rxe1 26. Nxe1 Ne3 27. Qf2 Re8 28.
Bxb7 Qxb7+ 29. Ng2 h5 30. h4 Ng4 31. Qd2 Re3 32. Ne2 Rxd3 33. Qc2 Ne3 0-1

[Event "DVM U20 2015"]
[Site "Osnabrück GER"]
[Date "2015.12.30"]
[Round "7"]
[White "Nahnsen, Kenneth"]
[Black "Nguyen, Anh Van"]
[Result "1-0"]
[Termination "normal"]
[Board "3.6"]
[WhiteElo "1959"]
[BlackElo "1602"]
[WhiteClock "00:35:13"]
[BlackClock "00:00:34"]
[WhiteTeam "SK Doppelbauer Kiel"]
[BlackTeam "USV Potsdam"]
[PlyCount "79"]
[WhiteFideId "12957119"]
[BlackFideId "12908223"]
[EventCountry "GER"]
[EventRounds "7"]
[EventType "team-swiss"]
[EventDate "2015.12.26"]

1. g3 d5 2. c4 e6 3. Bg2 c6 4. Nf3 Nd7 5. d4 Ngf6 6. Qc2 Bd6 7. O-O O-O 8. Bf4
Bxf4 9. gxf4 dxc4 10. Qxc4 Nb6 11. Qc2 Nbd5 12. e3 Qc7 13. a3 Bd7 14. Nbd2 Rac8
15. Rac1 Rfd8 16. Ne5 Be8 17. Bf3 Nd7 18. Kh1 f6 19. Nxd7 Qxd7 20. Be4 f5 21.
Bf3 Nxf4 22. exf4 Qxd4 23. Rfd1 Qxf4 24. Qc4 Qe5 25. Qc3 Qd4 26. Qxd4 Rxd4 27.
Nb3 Rf4 28. Kg2 Kf7 29. Nc5 b6 30. Nd3 Rh4 31. Ne5+ Kf6 32. Nxc6 Bxc6 33. Rxc6
Rxc6 34. Bxc6 Rc4 35. Bb5 Rc2 36. b3 Rc3 37. Bc4 b5 38. Bxb5 Rxb3 39. a4 Rb4
40. Rd6 1-0

[Event "DVM U20 2015"]
[Site "Osnabrück GER"]
[Date "2015.12.30"]
[Round "7"]
[White "Martin, Julian"]
[Black "Holtel, Jasper"]
[Result "1-0"]
[Termination "normal"]
[Board "4.1"]
[BlackTitle "FM"]
[WhiteElo "2171"]
[BlackElo "2366"]
[WhiteTeam "OSG Baden-Baden"]
[BlackTeam "SK Münster 32"]
[PlyCount "87"]
[WhiteFideId "12941000"]
[BlackFideId "12956376"]
[EventCountry "GER"]
[EventRounds "7"]
[EventType "team-swiss"]
[EventDate "2015.12.26"]

1. e4 c5 2. Nf3 d6 3. d4 cxd4 4. Nxd4 Nf6 5. Nc3 a6 6. Be3 e5 7. Nb3 Be7 8. h3
h5 9. f4 Nbd7 10. Qe2 b5 11. O-O-O Qc7 12. Nd5 Nxd5 13. exd5 Nf6 14. g3 Bf5 15.
Bg2 Rc8 16. Rd2 O-O 17. Rf1 g6 18. Kb1 a5 19. fxe5 dxe5 20. Bg5 Rfd8 21. Bxf6
Bxf6 22. g4 a4 23. Nc1 Bg5 24. gxf5 Bxd2 25. Qxd2 Qc4 26. fxg6 fxg6 27. Qd3 Kg7
28. b3 Qc5 29. Re1 Qf2 30. Re2 Qg1 31. Qxb5 axb3 32. axb3 Ra8 33. d6 Ra7 34.
Qxe5+ Kh7 35. Be4 Rg8 36. Qxh5+ Kg7 37. Qe5+ Kh7 38. Rg2 Qe1 39. Qf4 Rgg7 40.
Qh4+ Kg8 41. Rxg6 Rxg6 42. Bxg6 Qg1 43. Qg4 Qc5 44. Qc4+ 1-0

[Event "DVM U20 2015"]
[Site "Osnabrück GER"]
[Date "2015.12.30"]
[Round "7"]
[White "Quante, Lennart"]
[Black "Becker, Dirk"]
[Result "0-1"]
[Termination "normal"]
[Board "4.2"]
[WhiteElo "2111"]
[BlackElo "2212"]
[WhiteTeam "SK Münster 32"]
[BlackTeam "OSG Baden-Baden"]
[PlyCount "84"]
[WhiteFideId "12979627"]
[BlackFideId "12938564"]
[EventCountry "GER"]
[EventRounds "7"]
[EventType "team-swiss"]
[EventDate "2015.12.26"]

1. d4 Nf6 2. c4 e6 3. Nc3 Bb4 4. Qc2 O-O 5. Nf3 c5 6. dxc5 Na6 7. g3 Nxc5 8.
Bg2 b6 9. O-O Bb7 10. Nb5 Be4 11. Qd1 Nb7 12. Bf4 a6 13. Nd6 Bxd6 14. Bxd6 Nxd6
15. Qxd6 Qb8 16. Qxb8 Raxb8 17. Ne5 Bxg2 18. Kxg2 Rfc8 19. Rfd1 Rb7 20. Rac1
Kf8 21. Rd6 Ke7 22. Rdd1 Rbc7 23. b3 b5 24. Rb1 d6 25. Nf3 bxc4 26. bxc4 Rxc4
27. Rb6 R4c6 28. Rb7+ R8c7 29. Rdb1 Nd7 30. Nd4 Rc4 31. e3 g6 32. Rxc7 Rxc7 33.
Rb2 e5 34. Nc2 Ke6 35. Ne1 Nc5 36. Nf3 f6 37. g4 a5 38. Rb5 a4 39. Ra5 Rb7 40.
h4 Rb2 41. Ra7 Rxa2 42. Rxh7 Ne4 0-1

[Event "DVM U20 2015"]
[Site "Osnabrück GER"]
[Date "2015.12.30"]
[Round "7"]
[White "Martin, Richard"]
[Black "Baumann, Stephan"]
[Result "1/2-1/2"]
[Termination "normal"]
[Board "4.3"]
[WhiteElo "2005"]
[BlackElo "2001"]
[WhiteTeam "OSG Baden-Baden"]
[BlackTeam "SK Münster 32"]
[PlyCount "107"]
[WhiteFideId "12925691"]
[BlackFideId "12990981"]
[EventCountry "GER"]
[EventRounds "7"]
[EventType "team-swiss"]
[EventDate "2015.12.26"]

1. e4 e5 2. Nf3 Nc6 3. Nc3 Nf6 4. Bb5 Bb4 5. O-O O-O 6. d3 d6 7. h3 Qe7 8. Bxc6
bxc6 9. a3 Bxc3 10. bxc3 Ne8 11. Nd2 d5 12. exd5 cxd5 13. c4 c6 14. Qe2 Nd6 15.
cxd5 cxd5 16. Re1 Re8 17. a4 Bb7 18. Ba3 Qc7 19. c4 dxc4 20. Nxc4 Nxc4 21. dxc4
Ba6 22. Rac1 Qc6 23. Qc2 Bb7 24. f3 Re6 25. Rcd1 Rae8 26. Bb2 Qc5+ 27. Qf2 Qxc4
28. Rxe5 Rxe5 29. Bxe5 Qxa4 30. Ra1 Qb5 31. Bc3 a6 32. Qd4 Qg5 33. Kh1 h6 34.
Qg4 Qxg4 35. hxg4 g6 36. Kh2 Rc8 37. Ra3 Kf8 38. Kg3 Ke7 39. Bd2 g5 40. Ra1 Ra8
41. Ba5 Kd6 42. Rh1 Rh8 43. Bc3 Rh7 44. Bf6 a5 45. Bxg5 a4 46. Rxh6+ Rxh6 47.
Bxh6 Ke6 48. Bc1 Kf6 49. Kf4 Bd5 50. g5+ Kg6 51. Ke5 Bc4 52. f4 Be6 53. Ke4
Bd5+ 54. Ke5 1/2-1/2